U.S. State Abbreviations - Map Quiz - Statistics

General Stats
  • This quiz has been taken 93 times
  • The average score is 32 of 50
Answers on the Map
Answers color-coded by a green-red scale on the quiz's map according to % correct below.
 
Answer Stats
Answer % Correct
AL
84%
DE
77%
FL
77%
KY
77%
GA
74%
CT
72%
IL
70%
LA
70%
MD
70%
ME
70%
OH
70%
PA
70%
AR
67%
MI
67%
MS
67%
NC
67%
NH
67%
NY
67%
TN
67%
VA
67%
VT
67%
WI
67%
CA
65%
IA
65%
KS
65%
MA
65%
NJ
65%
RI
65%
SC
65%
AK
63%
AZ
63%
CO
63%
IN
63%
NE
63%
NM
63%
TX
63%
WV
63%
MN
60%
MO
58%
SD
58%
HI
56%
ND
56%
NV
56%
OK
56%
OR
56%
ID
53%
UT
53%
WA
53%
WY
53%
MT
51%
No matching quizzes found
Score Distribution
Percent of People with Each Score
Percentile by Number Answered
Your Score History
You have not taken this quiz